| 000 | 00419nam a22001457a 4500 | ||
|---|---|---|---|
| 020 | _a8173010729 | ||
| 082 |
_a001 _bBHA _cN-01, P-43 |
||
| 100 |
_aBhanot, T.R _946884 |
||
| 245 |
_aMy big book of questions and answers 2 :facts you must know _cBhanot, T.R |
||
| 260 |
_aIndia _bDreamland _c1993 |
||
| 300 |
_a48 p. _bill. _c25 cm |
||
| 526 |
_a0 _b0 _c0 _d001_000000000000000_BHA |
||
| 650 |
_aNUST _96342 |
||
| 942 |
_2ddc _cBK |
||
| 999 |
_c550143 _d550143 |
||